01273nam a2200157 a 4500008004100000020001800041041000800059100002800067245005100095250001100146260003500157300002100192500008600213505080100299655001501100190916s2015 ag ||||g |||| 000 1 spa d a9789504936671 aspa1 aFontanarrosa, Roberto. 3 aEl aréa 18.bNovela /cRoberto Fontanarrosa. a2a ed. aBuenos Aires:bPlaneta;c2015. a304 p.b21x13cm. aFontanarrosa, R. (2015). El área 18. Novela. (2a ed.). Buenos Aires : Planeta.  a"Era un hombre hecho, e incluso deshecho, en la fragua de la expresión corporal, un hombre que controlaba y conocía todos los recovecos de su organismo como a las almas de sus manos y a las palmas de sus manos como al mapa orográfico de Siria, su tierra natal". Secuela de Best Seller, El área 18 narra otra misión del aventurero internacional sirio. Congodia, un pequeño país africano, ha logrado su independencia y el desarrollo de su economía a través de su equipo nacional de fútbol. Al encontrarse en una situación geográfica estratégica, las apuestas se tornan cada vez más fuertes. Entonces, una corporación internacional decide armar un conjunto capaz de obtener una victoria. Best Seller, su capitán, es el único hombre que puede conducirlos al éxito. aLiteratura